| 000 | 02893cam a22006734i 4500 | ||
|---|---|---|---|
| 003 | PE-LiUPU | ||
| 005 | 20250731170452.0 | ||
| 008 | 150706s2010 sp a rb 000 0 spa d | ||
| 020 | _a8436823680 | ||
| 020 | _a9788436823684 | ||
| 035 | _a(Sirsi) i9788436823684 | ||
| 040 |
_aPE-LiUPU _bspa _cPE-LiUPU _dPE-LiUPU _erda |
||
| 049 | _aPRUA | ||
| 082 | 0 | 4 |
_a159.942 _bM16 _221 |
| 082 | 0 | 4 |
_a159.942 _bM16 2011 |
| 100 | 1 |
_aMaganto Mateo, Carmen, _eautor. |
|
| 245 | 1 | 0 |
_aCómo potenciar las emociones positivas y afrontar las negativas / _cCarmen Maganto Mateo, Juana María Maganto Mateo. |
| 264 | 1 |
_aMadrid : _bPIRÁMIDE, _c2010. |
|
| 300 |
_a253 páginas : _bilustraciones ; _c23 centímetros |
||
| 336 |
_atext _2rdacontent |
||
| 337 |
_aunmediated _2rdamedia |
||
| 338 |
_avolume _2rdacarrier |
||
| 504 | _aIncluye referencias bibliográficas. | ||
| 505 | 0 | _aLas emociones: un acercamiento a su comprensión -- El funcionamiento de las emociones -- La experiencia positiva de fluir -- La resiliencia: afrontar, construir, transformar -- El optimismo. Cómo vivir mejor -- Agresividad, ira, rabia cólera -- La envidia y los celos -- El miedo y la ansiedad -- La tristeza y la depresión -- Trabajar las emociones desde la dimensión cognitiva -- Trabajar las emociones desde la dimensión relacional -- Buenas prácticas de emociones positivas. | |
| 526 | _aSEG68 | ||
| 526 | _aSEG70 | ||
| 526 | _aSEG69 | ||
| 526 | _aSEG67 | ||
| 526 | _aSEG43 | ||
| 526 | _aP144 | ||
| 526 | _aP143 | ||
| 526 | _aP131 | ||
| 526 | _aP122 | ||
| 526 | _aP120 | ||
| 526 | _aP117 | ||
| 526 | _aP112 | ||
| 526 | _aP110 | ||
| 526 | _aP106 | ||
| 526 | _aP101 | ||
| 526 | _aP80 | ||
| 526 | _aP59 | ||
| 526 | _aP54 | ||
| 526 | _aP35 | ||
| 526 | _aP33 | ||
| 526 | _aP30 | ||
| 541 | _g001-003364; | ||
| 650 | 0 | 4 | _aEmociones y sentimientos. |
| 700 | 1 |
_aMaganto Mateo, Juana María, _eautor. |
|
| 910 | _agl20110905 | ||
| 910 |
_btqv _cwelc _d20170608 |
||
| 942 |
_2ddc _cBOOK |
||
| 949 |
_a159.942 M16 _wDEWEY _c1 _i63581 _lCCODEBUL1 _mBUL _p24.00 _r0 _sY _tBOOK _u2015-7-6 _xSALUD _PP33 _o.STAFF. Colección Ciencias de la Salud |
||
| 949 |
_a159.942 M16 2011 _wDEWEY _c1 _iFJ07965 _lCCODEBUJ1 _mBUJ _p24.00 _r0 _sY _tBOOK _u2016-08-25 _xSALUD _PP33 _0COMPRA _o.STAFF. Colección General Juliaca |
||
| 994 |
_aC0 _bPEPRU |
||
| 596 | _a1 3 | ||
| 999 |
_a159.942 M16 _wDEWEY _c52489 _i63581 _d52489 _e2019-6-21 _f2021-11-3 _g6 _lCCODEBUL1 _mBUL _n19 _p24.00 _q2 _r0 _sY _tBOOK _u2015-7-6 _xSALUD _zP33 _0COMPRA _o.STAFF. Colección Ciencias de la Salud |
||
| 999 |
_a159.942 M16 2011 _wDEWEY _c1 _iFJ07965 _d2019-11-12 _e2019-10-30 _f2022-1-17 _g4 _lCCODEBUJ1 _mBUJ _n8 _p24.00 _q10 _r0 _sY _tBOOK _u2015-10-5 _xSALUD _PP33 _0COMPRA _o.STAFF. Colección General Juliaca |
||
| 980 |
_81 _gALBERTO SANCHEZ Responsable de Automatización |
||